Ulice w Tuchowie - Statystyki

Ogólne statystyki
  • Ten quiz został rozwiązany 3 razy
  • Średni wynik to 8 z 75
Statystyki odpowiedzi
Osiedle Ulica % Poprawnych
Lewobrzeżny ul. Adama Mickiewicza
67%
Lewobrzeżny ul. Jana Pawła II
67%
Lewobrzeżny ul. Rynek
67%
Prawobrzeżny ul. Tarnowska
67%
Lewobrzeżny ul. 650-lecia
33%
Prawobrzeżny ul. Długa
33%
Lewobrzeżny ul. Fryderyka Chopina
33%
Lewobrzeżny ul. Generała Józefa Bema
33%
Lewobrzeżny ul. Głęboka
33%
Lewobrzeżny ul. Jana III Sobieskiego
33%
Prawobrzeżny ul. Juliusza Słowackiego
33%
Lewobrzeżny ul. Kazimierza Wielkiego
33%
Lewobrzeżny ul. Leśna
33%
Lewobrzeżny ul. Ogrodowa
33%
Lewobrzeżny ul. Polna
33%
Prawobrzeżny ul. Ryglicka
33%
Prawobrzeżny ul. Spacerowa
33%
Prawobrzeżny ul. Stroma
33%
Prawobrzeżny ul. Tadeusza Kościuszki
33%
Lewobrzeżny ul. Władysława Reymonta
33%
Lewobrzeżny ul. Zielona
33%
Prawobrzeżny ul. Biskupa Leona Wałęgi
0%
Prawobrzeżny ul. Bolesława Prusa
0%
Lewobrzeżny ul. Brzozówki
0%
Prawobrzeżny ul. Daleka
0%
Lewobrzeżny ul. Działkowiczów
0%
Prawobrzeżny ul. Generała Władysława Sikorskiego
0%
Prawobrzeżny ul. Górna
0%
Prawobrzeżny ul. Graniczna
0%
Lewobrzeżny ul. Ignacego Daszyńskiego
0%
Lewobrzeżny ul. Ignacego Jana Paderewskiego
0%
Lewobrzeżny ul. Jana Dzierżona
0%
Lewobrzeżny ul. Jana Florkowskiego
0%
Lewobrzeżny ul. Jasna
0%
Prawobrzeżny ul. Kapelmistrza Kazimierza Wrony
0%
Lewobrzeżny ul. Kąpielowa
0%
Prawobrzeżny ul. Kapitana Antoniego Stawarza
0%
Prawobrzeżny ul. Kardynała Stefana Wyszyńskiego
0%
Lewobrzeżny ul. Kolejowa
0%
Prawobrzeżny ul. Krótka
0%
Lewobrzeżny ul. Księżycowa
0%
Prawobrzeżny ul. Łowiecka
0%
Prawobrzeżny ul. Majora Władysława Drelicharza
0%
Lewobrzeżny ul. Marii Konopnickiej
0%
Lewobrzeżny ul. Mikołaja Kopernika
0%
Prawobrzeżny ul. Nadziei
0%
Prawobrzeżny ul. Nowa
0%
Lewobrzeżny ul. Okólna
0%
Lewobrzeżny ul. Osiedle Centrum
0%
Prawobrzeżny ul. Owocowa
0%
Prawobrzeżny ul. Partyzantów
0%
Lewobrzeżny ul. Podwale
0%
Prawobrzeżny ul. Pogodna
0%
Prawobrzeżny ul. Profesora Stanisława Grochmala
0%
Prawobrzeżny ul. Promienna
0%
Prawobrzeżny ul. Przedmieście Górne
0%
Prawobrzeżny ul. Przemysłowa
0%
Prawobrzeżny ul. Pułkownika Józefa Młyńca
0%
Lewobrzeżny ul. Rolnicza
0%
Lewobrzeżny ul. Rozwadowskich
0%
Prawobrzeżny ul. Rzeczna
0%
Lewobrzeżny ul. Słoneczna
0%
Lewobrzeżny ul. Stefana Piotrowskiego
0%
Lewobrzeżny ul. Stefana Żeromskiego
0%
Prawobrzeżny ul. Strzelecka
0%
Prawobrzeżny ul. Świętego Józefa
0%
Prawobrzeżny ul. Szpitalna
0%
Lewobrzeżny ul. Walerego Wróblewskiego
0%
Prawobrzeżny ul. Warzywna
0%
Lewobrzeżny ul. Widok
0%
Lewobrzeżny ul. Władysława Szafera
0%
Prawobrzeżny ul. Wołowa
0%
Prawobrzeżny ul. Wspólna
0%
Prawobrzeżny ul. Wysoka
0%
Lewobrzeżny ul. Ziołowa
0%
Nie znaleziono quizów pasujących do podanych kryteriów
Rozkład punktacji
Procent ludzi z każdym wynikiem
Percentyl według liczby udzielonych odpowiedzi
Twoja historia wyników
Nie rozwiązałeś tego quizu